Sharjah Art Foundation Library

ذاكرة الطّين/ (Record no. 6562)

MARC details
000 -LEADER
fixed length control field 00453nam a2200169Ia 4500
001 - CONTROL NUMBER
control field 6562
008 - FIXED-LENGTH DATA ELEMENTS--GENERAL INFORMATION
fixed length control field 260622s9999 xx 000 0 und d
245 #0 - TITLE STATEMENT
Title ذاكرة الطّين/
Statement of responsibility, etc. تاليف: زهير صاحب
260 ## - PUBLICATION, DISTRIBUTION, ETC.
Place of publication, distribution, etc. بغداد؛
Name of publisher, distributor, etc. دار و مكتبة عدنان؛
Date of publication, distribution, etc. 2013
300 ## - PHYSICAL DESCRIPTION
Extent 154p;
Dimensions 29x25cm
546 ## - LANGUAGE NOTE
Language note Arabic
648 ## - SUBJECT ADDED ENTRY--CHRONOLOGICAL TERM
Chronological term Ancient
650 ## - SUBJECT ADDED ENTRY--TOPICAL TERM
Topical term or geographic name entry element CC1-960 Archaeology
650 ## - SUBJECT ADDED ENTRY--TOPICAL TERM
Topical term or geographic name entry element Pottery
9 (RLIN) 9408
651 ## - SUBJECT ADDED ENTRY--GEOGRAPHIC NAME
Geographic name Iraq
942 ## - ADDED ENTRY ELEMENTS (KOHA)
Koha item type Book
Holdings
Withdrawn status Lost status Damaged status Not for loan Collection Home library Current library Date acquired Total Checkouts Full call number Barcode Date last seen Price effective from Koha item type
        Archaeology- Biography SAF Reference Library SAF Reference Library 06/22/2026   CC1-960 98.653 6562 06/22/2026 06/22/2026 Book

Copyright © 2022. Sharjah Art Foundation. All Rights Reserved.